| 000 | 00423nam a2200169 4500 | ||
|---|---|---|---|
| 003 | SEACOMEC | ||
| 005 | 20240515144544.0 | ||
| 008 | 240515b |||||||| |||| 00| 0 eng d | ||
| 020 | _cRs.145.00 | ||
| 040 | _aSEACOMEC | ||
| 082 |
_a005.133 _bB925 |
||
| 100 | _aBenjamin, Aumaille | ||
| 245 | 1 |
_aJava 2 _c Aumaille Benjamin |
|
| 260 |
_aNew Delhi _bFirewall media _c2006 |
||
| 650 | _a Programming Languages | ||
| 942 | _cBOOK | ||
| 999 |
_c1104 _d1104 |
||